| 000 | 00482nam a2200193Ia 4500 | ||
|---|---|---|---|
| 005 | 20250423101125.0 | ||
| 008 | 250422s9999 xx 000 0 und d | ||
| 020 | _a8180618080 | ||
| 050 | _aQM 451 .S56/ | ||
| 100 | _aSingh, Inderbir | ||
| 245 | 0 | _aTextbook of human neuroanatomy | |
| 250 | _a7th ed. | ||
| 260 | _aNew Delhi | ||
| 260 | _bJaypee Brothers Madical Publishers | ||
| 260 | _c2008 | ||
| 300 | _a315 p | ||
| 650 | _aHuman anatomy. Neuroanatomy. | ||
| 942 | _cBK | ||
| 999 |
_c35361 _d35361 |
||